Statistiques concernant Effectif du RC Toulon - Saison 2021-2022.

Cliquez ici pour prendre le quiz!

Statistiques générales

  • Ce quiz a été pris 90 fois
    (68 depuis la dernière actualisation)
  • Le résultat moyen est 21 sur 47

Statistiques - réponses

Joueur% Correct
Baptiste Serin
87%
Louis Carbonel
85%
Cheslin Kolbe
83%
Anthony Étrillard
79%
Aymeric Luc
79%
Facundo Isa
79%
Christopher Tolofua
77%
Charles Ollivon
75%
Jean-Baptiste Gros
75%
Sergio Parisse
75%
Anthony Belleau
72%
Eben Etzebeth
66%
Gabin Villière
66%
Beka Gigashvili
62%
Gervais Cordin
60%
Swan Rebbadj
60%
Cornell du Preez
53%
Jiuta Wainiqolo
51%
Julien Hériteau
51%
Duncan Paia'aua
49%
Julien Blanc
47%
Kieran Brookes
45%
Emerick Setiano
43%
Jules Danglot
43%
Florian Fresia
40%
Raphaël Lakafia
40%
Sonatane Takulua
40%
Thomas Salles
40%
Mathieu Smaïli
32%
Jules Coulon
30%
Lopeti Timani
30%
Bruce Devaux
28%
Leone Nakarawa
28%
Adrien Warion
25%
Brian Alainu'uese
25%
Michelangelo Sosene-Feagai
23%
Quinn Roux
23%
Atila Septar
21%
Julien Ory
21%
Matthias Halagahu
19%
Bastien Soury
17%
Théo Dachary
17%
Kalani Robert
15%
Marius Domon
15%
Simon Moretti
13%
Dorian Laborde
9%
Erwan Dridi
6%

Distribution des résultats

Percentile par nombre de réponses

% des personnes avec chaque résultat

Votre développement - résultats

Vous n’avez pas pris ce quiz depuis la dernière actualisation